Vzdělávání a rozvoj manažerů

Salvato in:
Dettagli Bibliografici
Autori principali: Kubr, Milan (Autore), Prokopenko, Joseph (Autore), kol (Autore)
Natura: Libro
Lingua:ceco
Pubblicazione: Praha : Grada, 1996
Tags: Aggiungi Tag
Nessun Tag, puoi essere il primo ad aggiungerne!!

MARC

LEADER 00000nam a22000003a 4500
001 stu30596
005 20150617225735.2
008 980120s1996----cs------------------cze-d
020 |a 80-7169-250-6 
040 |a STU  |b slo 
041 0 |a cze 
044 |a cs 
080 |a 658.1-057.33 
100 1 |a Kubr, Milan  |4 aut 
245 1 |a Vzdělávání a rozvoj manažerů 
260 |a Praha :  |b Grada,  |c 1996 
300 |a 631 s 
500 |a prel. z angl.orig. 
700 1 |a Prokopenko, Joseph  |4 aut 
700 1 |a kol.  |4 aut 
996 |b 284V017923  |c V*45148/O-19740  |l VVT  |s A  |a 24  |w stu30596_0001